000 00902cam a22002897a 4500
003 CHAP
005 20220329141606.0
008 971013s1984 r 00010 d
010 _a70653
011 _a71625
035 _a81179
040 _cCHAP
090 _aFolleto 9032
110 _aCalifornia. Department of Forestry
_917510
245 1 4 _aThe grass roots city tree planne partment of forestry
260 _aSacramento :
_bThe Departament,
_c(1984?)
300 _a52 p.
_b: ilus
590 _aBATCH-UPD
_b10
_c20130110
_lUCH01
_h0755
590 _aBATCH-UPD
_b10
_c20130410
_lUCH01
_h0434
590 _aBATCH-UPD
_b10
_c20130914
_lUCH01
_h1428
590 _aCONVERSION
_b10
_c20130109
_lUCH01
_h1339
650 1 4 _aForestación
_xCalifornia.
_942343
650 1 4 _aReforestación
_xCalifornia.
_995480
901 _aBK
942 _cFOLL
949 _aFolleto 9032
_bBC
_cFOLL
_d-34387
_eTS1
_i81179
_mD
_si
999 _c70653
_d70653